00754 2200289 4500001002100000005001500021035002500036007000300061008004100064020002200105040001200127041000800139082001700147084001900164090002300183090002100206100001300227245005400240250003100294260003200325300002400357650002000381700000900401850001200410999002100422990002100443INLIS00000000002855720190820094324 a0010-061700000000465ta170615t2017 yoi d f ind d a978-979-29-6047-1 aYOPDYOG0 aind04223a899.2213 a899.2213 KIN u aDEP 899.2213 KIN u aCB-D.11 2017-363 aKINOYSAN10aUnforgettable Tokyo /cKinoysan; penyunting, Maya aCetakan pertama tahun 2017 1aYogyakarta :bSheila,c2017 a190 halaman ;c19 c 4aFiksi Indonesia0 aMaya aYOPDYOG aCB-D.11/2017-363 aCB-D.11/2017-363